| 000 | 00309nam a2200121Ia 4500 | ||
|---|---|---|---|
| 008 | 230907s9999||||xx |||||||||||||| ||und|| | ||
| 082 |
_a155.24 _bTUG |
||
| 100 |
_aTugend, Alina. _9116045 |
||
| 245 | 0 | _aBetter by mistake : | |
| 260 |
_aRiverhead Books , _bNew York : _c2011 |
||
| 300 | _a291 p. ; | ||
| 942 | _cBK | ||
| 999 |
_c600891 _d600891 |
||